| 000 | 01325nam a2200337Ia 4500 | ||
|---|---|---|---|
| 001 | ebr10175741 | ||
| 003 | CaPaEBR | ||
| 006 | m u | ||
| 007 | cr cn||||||||| | ||
| 008 | 070130s2007 enka sb 001 0 eng d | ||
| 020 | _z9781403972187 (hbk.) | ||
| 020 | _z1403972184 (hbk.) | ||
| 040 |
_aCaPaEBR _cCaPaEBR |
||
| 035 | _a(OCoLC)320325129 | ||
| 050 | 1 | 4 |
_aHQ21 _b.R427 2007eb |
| 082 | 0 | 4 |
_a306.7089 _222 |
| 245 | 0 | 0 |
_aReligion, gender, and culture in the pre-modern world _h[electronic resource] / _cedited by Alexandra Cuffel and Brian Britt. |
| 260 |
_aBasingstoke : _bPalgrave Macmillan, _c2007. |
||
| 300 |
_avi, 287 p. : _bill. |
||
| 504 | _aIncludes bibliographical references and index. | ||
| 533 |
_aElectronic reproduction. _bPalo Alto, Calif. : _cebrary, _d2009. _nAvailable via World Wide Web. _nAccess may be limited to ebrary affiliated libraries. |
||
| 650 | 0 |
_aGender identity _xHistory. |
|
| 650 | 0 |
_aSex differences _xHistory. |
|
| 650 | 0 | _aAnthropology of religion. | |
| 650 | 0 |
_aEthnic relations _xHistory. |
|
| 655 | 7 |
_aElectronic books. _2local |
|
| 700 | 1 | _aCuffel, Alexandra. | |
| 700 | 1 |
_aBritt, Brian M., _d1964- |
|
| 710 | 2 | _aebrary, Inc. | |
| 856 | 4 | 0 |
_uhttp://site.ebrary.com/lib/rucke/Doc?id=10175741 _zAn electronic book accessible through the World Wide Web; click to view |
| 999 |
_c237996 _d237996 |
||